Catálogo
 En Linea

El aviador : (Registro nro. 58738)

Detalles MARC
000 -CABECERA
campo de control de longitud fija 01577nam a2200313 i 4500
003 - IDENTIFICADOR DEL NÚMERO DE CONTROL
campo de control DO-SdBNP
005 - FECHA Y HORA DE LA ÚLTIMA TRANSACCIÓN
campo de control 20250721093419.0
007 - CAMPO FIJO DE DESCRIPCIÓN FÍSICA--INFORMACIÓN GENERAL
campo de control de longitud fija ta
008 - DATOS DE LONGITUD FIJA--INFORMACIÓN GENERAL
campo de control de longitud fija 250721b2014 dr ao||c |||| 00| 0 spa d
020 ## - NÚMERO INTERNACIONAL ESTÁNDAR DEL LIBRO
Número Internacional Estándar del Libro 9789945497212
040 ## - FUENTE DE LA CATALOGACIÓN
Centro catalogador/agencia de origen DO-SdBNP
Lengua de catalogación spa
Centro/agencia transcriptor BNPHU
Normas de descripción rda
041 ## - CÓDIGO DE LENGUA
Código de lengua del texto/banda sonora o título independiente spa
082 ## - NÚMERO DE LA CLASIFICACIÓN DECIMAL DEWEY
Número de clasificación xxx
Número de documento/Ítem C822
Número de edición 22
100 1# - ENTRADA PRINCIPAL--NOMBRE DE PERSONA
Nombre de persona Coronado, Dinorah
Término indicativo de función/relación autora
Código de función/relación aut.
9 (RLIN) 34652
245 13 - MENCIÓN DE TÍTULO
Título El aviador :
Resto del título la historia de Zoilo Hermógenes García /
Mención de responsabilidad, etc. Dinorah Coronado, Ruth Herrera
264 ## - PRODUCCIÓN, PUBLICACIÓN, DISTRIBUCIÓN, FABRICACIÓN Y COPYRIGHT
Producción, publicación, distribución, fabricación y copyright Santo Domingo :
Nombre del de productor, editor, distribuidor, fabricante Editorial Santillana,
Fecha de producción, publicación, distribución, fabricación o copyright 2014.
300 ## - DESCRIPCIÓN FÍSICA
Extensión 118 páginas ;
Otras características físicas ilustraciones, fotografías ;
Dimensiones 20 cm.
336 ## - TIPO DE CONTENIDO
Término de tipo de contenido texto
Código de tipo de contenido txt
Fuente rdacontent
337 ## - TIPO DE MEDIO
Nombre/término del tipo de medio sin mediación
Código del tipo de medio n
Fuente rdamedia
338 ## - TIPO DE SOPORTE
Nombre/término del tipo de soporte volumen
Código del tipo de soporte nc
Fuente rdacarrier
490 1# - MENCIÓN DE SERIE
Mención de serie Alfaguara juvenil
500 ## - NOTA GENERAL
Nota general Incluye datos biografícos de las autoras en las páginas 119-121.
511 ## - NOTA DE PARTICIPANTES O INTÉRPRETES
Nota de participantes o intérpretes A partir de 12 años
520 ## - SUMARIO, ETC.
Sumario, etc. ¿Quién fue Zoilo Hermógenes García? El primer aviador dominicano. Nació en La Vega, en 1881, y desde pequeño sintió pasión por las ciencias y los inventos. Su deseo de ampliar sus conocimientos lo llevó hasta Francia donde estudió ingeniería civil y mecánica. Cuando regresó a República Dominicana, se dedicó a hacer realidad su mayor sueño: diseñar y construir una máquina voladora que él mismo iba a pilotar. La llamó el "Poliplano" y su vuelo de 1911, realizado en Estados Unidos, marcó el inicio de la aviación dominicana.
590 ## - NOTA LOCAL (RLIN)
Nota local Inventariado, 2025/ YL
700 1# - PUNTO DE ACCESO ADICIONAL--NOMBRE DE PERSONA
Nombre de persona Herrera, Ruth
Término indicativo de función/relación autora
Código de función/relación aut.
9 (RLIN) 30238
910 ## - DATOS DE OPCIÓN DEL USUARIO (OCLC)
Datos de opción del usuario YLockward
942 ## - ELEMENTOS DE PUNTO DE ACCESO ADICIONAL (KOHA)
Fuente del sistema de clasificación o colocación Dewey Decimal Classification
Tipo de ítem Koha Libro
Existencias
Estado de retiro Estado de pérdida Fuente del sistema de clasificación o colocación Restricciones de uso No para préstamo Código de colección Localización permanente Ubicación/localización actual Ubicación en estantería Fecha de adquisición Fuente de adquisición Total de préstamos Signatura topográfica completa Código de barras Fecha visto por última vez Precio válido a partir de Tipo de ítem Koha
    Dewey Decimal Classification Excluido de préstamo   Infantojuvenil Patrimonio Dominicano Biblioteca Nacional Pedro Henríquez Ureña Biblioteca Nacional Pedro Henríquez Ureña En catalogación 20.03.2025 Depósito Legal   BNPHU PD xxx C822 2025-3481 21.04.2025 21.04.2025 Libro

Con tecnología Koha